[Event "Thüringenliga 2015/2016"]
[Site "?"]
[Date "2015.11.29"]
[Round "4"]
[White "Hilbig, Dieter"]
[Black "Siebarth, Marco"]
[Result "0-1"]
[WhiteElo "1880"]
[BlackElo "1962"]
[PlyCount "134"]
[EventDate "2015.??.??"]
[WhiteTeam "ESV Gera"]
[BlackTeam "SG Blau-Weiß Stadtilm"]

1. e4 c5 2. Nc3 a6 3. a4 e6 4. f4 d5 5. d3 Nc6 6. g3 g6 7. Bg2 d4 8. Nb1 Bg7 9.
Nf3 Nge7 10. O-O O-O 11. Nbd2 e5 12. Nc4 Be6 13. Nfxe5 Nxe5 14. Nxe5 Bxe5 15.
fxe5 Nc6 16. Bf4 g5 17. Bd2 Nxe5 18. Qh5 f6 19. Bh3 Bxh3 20. Qxh3 g4 21. Qh6
Nf3+ 22. Kg2 Qd7 23. Bf4 Rae8 24. h3 f5 25. hxg4 fxg4 26. Qd6 Qxd6 27. Bxd6 Rf6
28. Bf4 c4 29. Rac1 Rc6 30. Kf2 Rec8 31. Ke2 Rc5 32. Rf2 cxd3+ 33. Kxd3 Rc4 34.
Ra1 Rb4 35. c3 dxc3 36. bxc3 Rd8+ 37. Ke3 Rc4 38. Rc2 Re8 39. e5 Nxe5 40. Bxe5
Rxe5+ 41. Kd3 Rce4 42. c4 Re3+ 43. Kd4 R5e4+ 44. Kd5 Re7 45. Kd6 Kf7 46. Rf2+
Ke8 47. Raf1 Rd3+ 48. Kc5 Rxg3 49. Rf8+ Kd7 50. Rb8 Kc7 51. Rff8 Re5+ 52. Kd4
Ree3 53. a5 Re7 54. Kd5 Rd3+ 55. Kc5 Re5+ 56. Kb4 Rd7 57. c5 Re4+ 58. Kc3 Kc6
59. Rbc8+ Kb5 60. Rf5 Rc4+ 61. Kb3 Rd3+ 62. Kb2 Kb4 63. Rf2 Kxa5 64. Rc7 Rb4+
65. Kc2 Rdb3 66. Rf5 Rb5 67. Rxh7 g3 0-1

[Event "Thüringenliga 2015/2016"]
[Site "?"]
[Date "2015.11.29"]
[Round "4"]
[White "Werner, Justus"]
[Black "Steinmüller, Johannes"]
[Result "1/2-1/2"]
[WhiteElo "1887"]
[BlackElo "1722"]
[PlyCount "109"]
[EventDate "2015.??.??"]
[WhiteTeam "SG Blau-Weiß Stadtilm"]
[BlackTeam "ESV Gera"]

1. e4 c5 2. Nf3 Nc6 3. d4 cxd4 4. Nxd4 g6 5. c4 Bg7 6. Be3 Nf6 7. Nc3 O-O 8.
Be2 d6 9. O-O Bd7 10. f3 Qa5 11. a3 Rfc8 12. f4 Nxd4 13. Bxd4 Bc6 14. b4 Qd8
15. Qd3 Ne8 16. Kh1 e5 17. Be3 exf4 18. Bxf4 Bxc3 19. Qxc3 Bxe4 20. Rad1 Qe7
21. Bd3 d5 22. c5 Rc6 23. Bxe4 dxe4 24. Qe3 Re6 25. Rd4 Rd8 26. Re1 Rxd4 27.
Qxd4 Qf6 28. Qe3 Ng7 29. Bg5 Qe5 30. Qd2 Nf5 31. Kg1 Qd4+ 32. Be3 Qd3 33. Qxd3
exd3 34. Bd2 Ra6 35. Bc3 Kf8 36. Bb2 d2 37. Rd1 Ne3 38. Rxd2 Nc4 39. Re2 Nxb2
40. Rxb2 Rxa3 41. Re2 Rb3 42. Ra2 Rxb4 43. Rxa7 Ke8 44. Ra8+ Kd7 45. Rf8 Rf4
46. g3 Rf5 47. g4 Rf4 48. h3 Kc6 49. Rc8+ Kd7 50. Rf8 Ke6 51. Rb8 Rc4 52. Rxb7
Rxc5 53. Kg2 Rc3 54. Rb5 Rd3 55. Ra5 1/2-1/2

[Event "Thüringenliga 2015/2016"]
[Site "?"]
[Date "2015.11.29"]
[Round "4"]
[White "Kupper, Matthias"]
[Black "Berner, Stephan"]
[Result "1/2-1/2"]
[WhiteElo "1741"]
[BlackElo "1865"]
[PlyCount "39"]
[EventDate "2015.??.??"]
[WhiteTeam "ESV Gera"]
[BlackTeam "SG Blau-Weiß Stadtilm"]

1. e4 d6 2. d4 g6 3. Bd3 Bg7 4. Ne2 Nf6 5. O-O O-O 6. c3 Nbd7 7. f4 e5 8. Nd2
c6 9. Nc4 Qe7 10. Nxd6 Qxd6 11. fxe5 Nxe5 12. Bf4 Nh5 13. Bxe5 Bxe5 14. dxe5
Qxe5 15. Qb3 Kg7 16. Rae1 Nf6 17. Nd4 Ng4 18. g3 Qh5 19. Qc2 Ne5 20. Be2
1/2-1/2

[Event "Thüringenliga 2015/2016"]
[Site "?"]
[Date "2015.11.29"]
[Round "4"]
[White "Schröter, Maik"]
[Black "Kirschner, Torsten"]
[Result "1-0"]
[WhiteElo "1764"]
[BlackElo "1640"]
[PlyCount "81"]
[EventDate "2015.??.??"]
[WhiteTeam "SG Blau-Weiß Stadtilm"]
[BlackTeam "ESV Gera"]

1. e4 c5 2. Nc3 e6 3. Nge2 Nc6 4. g3 Nf6 5. Bg2 Be7 6. O-O O-O 7. h3 d5 8. exd5
exd5 9. d4 Bf5 10. dxc5 Bxc5 11. Bg5 h6 12. Bxf6 Qxf6 13. Qxd5 Bb6 14. Qf3 Ne5
15. Qxb7 Rab8 16. Nd5 Qd8 17. Qe7 Re8 18. Qxd8 Bxd8 19. Nd4 Bh7 20. b3 Ba5 21.
f4 Nd7 22. c4 Nb6 23. Nc6 Nxd5 24. Nxb8 Ne3 25. Rf3 Rxb8 26. Rxe3 Bb6 27. Kf2
Rd8 28. Bd5 h5 29. Rae1 Bf5 30. Kg2 Bxe3 31. Rxe3 Kf8 32. b4 Be6 33. Re5 Rb8
34. a3 a6 35. Rxh5 Ke7 36. Re5 a5 37. b5 Rd8 38. b6 Kf6 39. g4 Bxd5+ 40. Rxd5
Ke6 41. Rxd8 1-0

[Event "Thüringenliga 2015/2016"]
[Site "?"]
[Date "2015.11.29"]
[Round "4"]
[White "Pähtz, Thomas"]
[Black "Darr, Sascha"]
[Result "1-0"]
[WhiteElo "2317"]
[BlackElo "2066"]
[PlyCount "65"]
[EventDate "2015.??.??"]
[WhiteTeam "Ilmenauer SV"]
[BlackTeam "SV Jenapharm Jena"]

1. e4 e5 2. Bc4 Nf6 3. d3 Nc6 4. Nf3 Bc5 5. O-O d6 6. c3 a6 7. Bb3 Ba7 8. Nbd2
h6 9. Re1 O-O 10. h3 Re8 11. Nf1 Be6 12. Bc2 d5 13. exd5 Bxd5 14. Ng3 Qd7 15.
Be3 Bxe3 16. Rxe3 Rad8 17. Qe2 Qd6 18. Re1 Bxa2 19. d4 e4 20. Nxe4 Nxe4 21.
Rxe4 Rxe4 22. Qxe4 g6 23. b3 Qa3 24. d5 Na5 25. Qh4 Rxd5 26. Bxg6 Qf8 27. Ne5
fxg6 28. Nxg6 Qd8 29. Ne7+ Kg7 30. Nf5+ Kg8 31. Nxh6+ Kf8 32. Qf4+ Kg7 33. Qf7+
1-0

[Event "Thüringenliga 2015/2016"]
[Site "?"]
[Date "2015.11.29"]
[Round "4"]
[White "August, Daniel"]
[Black "Zehnter, Sebastian"]
[Result "1-0"]
[WhiteElo "2011"]
[BlackElo "2196"]
[PlyCount "61"]
[EventDate "2015.??.??"]
[WhiteTeam "SV Jenapharm Jena"]
[BlackTeam "Ilmenauer SV"]

1. c4 c5 2. g3 Nf6 3. Bg2 d5 4. cxd5 Nxd5 5. Nc3 Nc7 6. Nf3 Nc6 7. O-O e5 8.
Ne1 Bd7 9. Nd3 f6 10. b3 Be7 11. f4 exf4 12. Nxf4 O-O 13. Bb2 Rc8 14. e3 b6 15.
Qe2 Ne5 16. h3 Nf7 17. Rad1 Ne6 18. Nfd5 Nc7 19. Nf4 b5 20. Ncd5 Nxd5 21. Nxd5
Bd6 22. Rxf6 Bxg3 23. Rdf1 Bh4 24. Qh5 Bxf6 25. Bxf6 Qe8 26. Ne7+ Kh8 27. Be4
Bf5 28. Bxf5 Ng5 29. Bxg7+ Kxg7 30. Qxg5+ Kh8 31. Bxc8 1-0

[Event "Thüringenliga 2015/2016"]
[Site "?"]
[Date "2015.11.29"]
[Round "4"]
[White "Mehlhorn, Uwe"]
[Black "Wicklein, Stefan"]
[Result "1-0"]
[WhiteElo "2097"]
[BlackElo "1952"]
[PlyCount "65"]
[EventDate "2015.??.??"]
[WhiteTeam "Ilmenauer SV"]
[BlackTeam "SV Jenapharm Jena"]

1. e4 c6 2. d3 d5 3. Nd2 e5 4. Ngf3 Bd6 5. g3 f5 6. Bg2 Nf6 7. O-O O-O 8. Re1
Re8 9. c4 Nbd7 10. cxd5 cxd5 11. exd5 b5 12. a4 bxa4 13. Nc4 Nb6 14. Nfxe5 Bxe5
15. Nxe5 Nfxd5 16. Bd2 Be6 17. Ba5 Qd6 18. Rc1 Rac8 19. Rxc8 Rxc8 20. Nc4 Qd7
21. Qe2 Bf7 22. Ne5 Qd6 23. Nxf7 Kxf7 24. Qh5+ Qg6 25. Qh4 Qf6 26. Qxh7 Rc2 27.
Qh8 Ne7 28. Bxb6 Qxb6 29. Qh5+ Kf6 30. Qh4+ Kg6 31. g4 Ng8 32. Qh5+ Kf6 33. g5#
1-0

[Event "Thüringenliga 2015/2016"]
[Site "?"]
[Date "2015.11.29"]
[Round "4"]
[White "Zipfel, Frank"]
[Black "Sukaylo, Aleksey"]
[Result "1-0"]
[WhiteElo "2014"]
[BlackElo "2051"]
[PlyCount "79"]
[EventDate "2015.??.??"]
[WhiteTeam "SV Jenapharm Jena"]
[BlackTeam "Ilmenauer SV"]

1. g3 d5 2. Bg2 c6 3. d3 Nf6 4. Nf3 Bg4 5. Nbd2 Nbd7 6. O-O e6 7. h3 Bxf3 8.
Nxf3 Bd6 9. Re1 Qc7 10. e4 O-O-O 11. Qe2 e5 12. c3 dxe4 13. dxe4 Nc5 14. Nh4
Ne6 15. b4 g6 16. Be3 Kb8 17. Qc2 Nd7 18. Nf3 c5 19. a3 Nb6 20. Nd2 Nc8 21. Qb3
Be7 22. Nc4 Bg5 23. Bxg5 Nxg5 24. bxc5 Qxc5 25. Rab1 Rd7 26. Ne3 Nb6 27. h4 Ne6
28. Nd5 Rc8 29. a4 Nc4 30. Red1 Na3 31. Ra1 Nc4 32. Ra2 Rcd8 33. Rb1 Na5 34.
Qc2 Qc6 35. Rb5 Nc4 36. Kh2 Nc7 37. Rb1 Na6 38. Qb3 Na5 39. Qb5 b6 40. Qxa5 1-0

[Event "Thüringenliga 2015/2016"]
[Site "?"]
[Date "2015.11.29"]
[Round "4"]
[White "Möller, Axel"]
[Black "Vater, Rainer"]
[Result "1-0"]
[WhiteElo "2007"]
[BlackElo "1904"]
[PlyCount "53"]
[EventDate "2015.??.??"]
[WhiteTeam "Ilmenauer SV"]
[BlackTeam "SV Jenapharm Jena"]

1. c4 e5 2. Nc3 Nc6 3. g3 f5 4. d3 Nf6 5. Bg2 Bb4 6. Bd2 a5 7. e3 O-O 8. Nge2
d6 9. O-O Be6 10. Nd5 Bxd2 11. Qxd2 Bf7 12. Nec3 Rb8 13. a3 Nxd5 14. Nxd5 b6
15. b4 axb4 16. axb4 Ne7 17. Nxe7+ Qxe7 18. Qc2 Be6 19. f4 Qd7 20. Ra7 Qc8 21.
fxe5 dxe5 22. Qc3 Re8 23. Qxe5 Bxc4 24. Qc3 Bf7 25. Rxc7 Qe6 26. e4 Bg6 27.
Qxg7# 1-0

[Event "Thüringenliga 2015/2016"]
[Site "?"]
[Date "2015.11.29"]
[Round "4"]
[White "Rauhut, Frank"]
[Black "Töpfer, Albrecht"]
[Result "0-1"]
[WhiteElo "1890"]
[BlackElo "1977"]
[PlyCount "142"]
[EventDate "2015.??.??"]
[WhiteTeam "SV Jenapharm Jena"]
[BlackTeam "Ilmenauer SV"]

1. d4 Nf6 2. c4 g6 3. Nc3 Bg7 4. Nf3 O-O 5. g3 d6 6. Bg2 Nc6 7. O-O a6 8. b3
Rb8 9. Bb2 b5 10. cxb5 axb5 11. Rc1 Bd7 12. Ne1 Na5 13. Qd2 b4 14. Nd5 Nxd5 15.
Bxd5 c6 16. Bg2 Qb6 17. e3 Nb7 18. Nd3 Nd8 19. Rc4 Qa5 20. a3 Bf5 21. Nxb4 Be6
22. d5 Bxb2 23. Qxb2 Bxd5 24. Nxd5 cxd5 25. Rd4 e6 26. Rc1 Nb7 27. Ra4 Qb6 28.
Rb4 Qa5 29. Bf1 Nc5 30. Rxb8 Rxb8 31. b4 Qb6 32. Qd4 Na4 33. Qxb6 Rxb6 34. Be2
Kg7 35. Kf1 Kf6 36. Ke1 e5 37. Kd2 e4 38. Rc2 Ke5 39. Bd1 Rb7 40. Rc6 Nb2 41.
Bb3 g5 42. Rc2 Nd3 43. f4+ gxf4 44. gxf4+ Ke6 45. Rc3 Ra7 46. Bc2 Nb2 47. a4
Rb7 48. b5 f5 49. Bb3 Nd3 50. Rxd3 exd3 51. Kxd3 Kd7 52. Bxd5 Ra7 53. Bb3 d5
54. Kc3 Kd6 55. Kb4 Re7 56. a5 Re4+ 57. Ka3 Kc5 58. b6 Kc6 59. b7 Kc7 60. Bxd5
Rxe3+ 61. Kb4 Re2 62. a6 Kb8 63. h3 Rf2 64. Kc5 Rxf4 65. Bc4 Ka7 66. Bb5 Rf3
67. Kd6 Rb3 68. Bf1 f4 69. Kc6 f3 70. Kc7 Rc3+ 71. Kd6 f2 0-1

[Event "Thüringenliga 2015/2016"]
[Site "?"]
[Date "2015.11.29"]
[Round "4"]
[White "Rempel, Patrick"]
[Black "Jung, Florian"]
[Result "1-0"]
[WhiteElo "2026"]
[BlackElo "1766"]
[PlyCount "59"]
[EventDate "2015.??.??"]
[WhiteTeam "Ilmenauer SV"]
[BlackTeam "SV Jenapharm Jena"]

1. e4 e5 2. Nf3 Nf6 3. Nxe5 d6 4. Nf3 Nxe4 5. d4 d5 6. Bd3 Be7 7. O-O O-O 8.
Re1 f5 9. c4 c6 10. Qb3 Kh8 11. Nc3 dxc4 12. Bxc4 Nd6 13. Bd3 Nd7 14. Bf4 Nf6
15. Rad1 Bd7 16. Bb1 b6 17. Ng5 Nfe8 18. Ne6 Bxe6 19. Rxe6 Nc7 20. Re2 Qd7 21.
a4 Bf6 22. Qc2 g6 23. Be5 Nd5 24. Nxd5 cxd5 25. Rde1 Rac8 26. Qb3 Nc4 27. Bxf6+
Rxf6 28. Re7 Na5 29. Qe3 Qd6 30. Qh6 1-0

[Event "Thüringenliga 2015/2016"]
[Site "?"]
[Date "2015.11.29"]
[Round "4"]
[White "Auerswald, Klaus"]
[Black "Falk, Kristoffer"]
[Result "0-1"]
[WhiteElo "1551"]
[BlackElo "1880"]
[PlyCount "74"]
[EventDate "2015.??.??"]
[WhiteTeam "SV Jenapharm Jena"]
[BlackTeam "Ilmenauer SV"]

1. e4 c5 2. Nc3 e6 3. Nf3 Nc6 4. d4 cxd4 5. Nxd4 Qc7 6. Be3 a6 7. Be2 Nf6 8. f4
d6 9. O-O Be7 10. Qe1 O-O 11. Rd1 Nxd4 12. Bxd4 b5 13. e5 Ne8 14. exd6 Bxd6 15.
Bf3 Bb7 16. Bxb7 Qxb7 17. Ne4 Be7 18. f5 exf5 19. Nc5 Qc7 20. Rxf5 Bf6 21. Bxf6
Nxf6 22. Qf2 Rfe8 23. Rxf6 gxf6 24. Nd7 Re6 25. Nxf6+ Kg7 26. Nh5+ Kh8 27. Nf4
Re4 28. Nd5 Qe5 29. Qxf7 Re1+ 30. Rxe1 Qxe1+ 31. Qf1 Qxf1+ 32. Kxf1 Rd8 33. Ne3
Kg7 34. Ke2 Kf6 35. g4 Ke5 36. h4 Kf4 37. Kf2 Rd2+ 0-1

[Event "Thüringenliga 2015/2016"]
[Site "?"]
[Date "2015.11.29"]
[Round "4"]
[White "Seidens, Gunter"]
[Black "Kölsch, Maximilian"]
[Result "0-1"]
[WhiteElo "1826"]
[BlackElo "2192"]
[PlyCount "118"]
[EventDate "2015.??.??"]
[WhiteTeam "VfL 1990 Gera"]
[BlackTeam "SV Schott Jena"]

1. d4 Nf6 2. Nf3 b6 3. g3 Bb7 4. Bg2 e6 5. O-O Be7 6. b3 O-O 7. Bb2 Ne4 8. Nbd2
f5 9. e3 d6 10. Qe2 Nd7 11. Rad1 Rc8 12. Qc4 Rf6 13. Qe2 Rh6 14. Nxe4 Bxe4 15.
c4 Qe8 16. Nd2 Bxg2 17. Kxg2 d5 18. Kg1 Nf6 19. f3 Qh5 20. Rf2 Bd6 21. Nf1 g5
22. Rg2 Kf7 23. Rc1 c6 24. c5 bxc5 25. dxc5 Be7 26. Be5 Nd7 27. Bd6 Qg6 28. Qa6
Qg8 29. Qxa7 Qe8 30. Qb7 e5 31. Bxe7 Kxe7 32. g4 f4 33. Re2 Re6 34. Qa6 Qg8 35.
Qd3 Qg6 36. Qxg6 hxg6 37. b4 e4 38. Nd2 Ra8 39. Rc2 Ra3 40. exf4 e3 41. f5 gxf5
42. gxf5 Re5 43. Nb3 Rxb3 44. axb3 d4 45. Ra2 d3 46. Re1 d2 47. Rd1 Nf6 48.
Raxd2 exd2 49. Rxd2 Nd5 50. Rd4 Rxf5 51. Kf2 Rf4 52. Re4+ Rxe4 53. fxe4 Nxb4
54. Ke3 Ke6 55. Kd4 g4 56. Kc4 Na6 57. Kd4 Nc7 58. Ke3 Ke5 59. Kf2 Kxe4 0-1

[Event "Thüringenliga 2015/2016"]
[Site "?"]
[Date "2015.11.29"]
[Round "4"]
[White "Babrikowski, Peter"]
[Black "Schönfeld, Volker"]
[Result "1/2-1/2"]
[WhiteElo "2102"]
[BlackElo "1898"]
[PlyCount "28"]
[EventDate "2015.??.??"]
[WhiteTeam "SV Schott Jena"]
[BlackTeam "VfL 1990 Gera"]

1. e4 e5 2. Nc3 Nf6 3. f4 d5 4. fxe5 Nxe4 5. Qf3 Nc6 6. Bb5 Nxc3 7. dxc3 a6 8.
Bxc6+ bxc6 9. Qg3 Bf5 10. Bg5 f6 11. exf6 gxf6 12. Bf4 Bxc2 13. Ne2 Bc5 14. Qg7
Rf8 1/2-1/2

[Event "Thüringenliga 2015/2016"]
[Site "?"]
[Date "2015.11.29"]
[Round "4"]
[White "Huster, Mike"]
[Black "Brömel, Richard"]
[Result "0-1"]
[WhiteElo "1900"]
[BlackElo "2064"]
[PlyCount "80"]
[EventDate "2015.??.??"]
[WhiteTeam "VfL 1990 Gera"]
[BlackTeam "SV Schott Jena"]

1. d4 d5 2. Nf3 c6 3. c4 Nf6 4. g3 Bf5 5. Bg2 e6 6. O-O Nbd7 7. Nc3 Be7 8. Nh4
Bg6 9. Nxg6 hxg6 10. cxd5 exd5 11. Qd3 O-O 12. Bd2 Bb4 13. Rae1 Re8 14. f3 c5
15. Kh1 cxd4 16. Qxd4 Qb6 17. Qd3 Ne5 18. Qc2 d4 19. Na4 Qa5 20. Bxb4 Qxb4 21.
a3 Qb5 22. b3 Rac8 23. Qb2 d3 24. e4 Rc2 25. Qd4 Nc6 26. Qd6 Rd8 27. Qf4 Qxb3
28. e5 Rc4 29. Nc5 Rxc5 30. exf6 gxf6 31. Rb1 Qd5 32. Qxf6 d2 33. f4 Qd4 34.
Qh4 b6 35. Qh6 Qe3 36. Qh4 Re8 37. g4 Rc1 38. Bxc6 Rxc6 39. Rbd1 Rc1 40. g5
Rxd1 0-1

[Event "Thüringenliga 2015/2016"]
[Site "?"]
[Date "2015.11.29"]
[Round "4"]
[White "Vieweg, Klaus"]
[Black "Richter, Sven"]
[Result "1/2-1/2"]
[WhiteElo "1957"]
[BlackElo "1950"]
[PlyCount "33"]
[EventDate "2015.??.??"]
[WhiteTeam "SV Schott Jena"]
[BlackTeam "VfL 1990 Gera"]

1. Nf3 Nf6 2. g3 g6 3. Bg2 Bg7 4. O-O O-O 5. d4 d6 6. c4 Na6 7. Nc3 c5 8. e4
Rb8 9. h3 Bd7 10. e5 Ne8 11. Re1 Qc8 12. Kh2 cxd4 13. Qxd4 Nb4 14. Re2 Bf5 15.
Ne1 Nc6 16. Qh4 Bxe5 17. Nd5 1/2-1/2

[Event "Thüringenliga 2015/2016"]
[Site "?"]
[Date "2015.11.29"]
[Round "4"]
[White "Kretzschmar, Bernd"]
[Black "Bunke, Wilfried"]
[Result "1/2-1/2"]
[WhiteElo "1810"]
[BlackElo "1910"]
[PlyCount "67"]
[EventDate "2015.??.??"]
[WhiteTeam "VfL 1990 Gera"]
[BlackTeam "SV Schott Jena"]

1. e4 e6 2. d4 d5 3. e5 c5 4. c3 Nc6 5. Nf3 Bd7 6. Be2 cxd4 7. cxd4 Bb4+ 8. Nc3
Nge7 9. a3 Ba5 10. Bd3 Bxc3+ 11. bxc3 Na5 12. O-O Qc7 13. Bd2 Nc4 14. Bc1 Qa5
15. Qb3 b5 16. Qb4 Qb6 17. Qb1 h6 18. Nd2 Rc8 19. Nb3 Nc6 20. Nc5 N6a5 21. Nb3
Nxb3 22. Qxb3 a5 23. Rb1 Qa7 24. f4 g6 25. Kh1 Bc6 26. Qc2 Qe7 27. Ra1 Rb8 28.
Qe2 Qh4 29. Rb1 Kd7 30. g4 Rbf8 31. Rg1 Qe7 32. Ra1 h5 33. g5 Rb8 34. Rf1
1/2-1/2

[Event "Thüringenliga 2015/2016"]
[Site "?"]
[Date "2015.11.29"]
[Round "4"]
[White "Schmidt, Lothar"]
[Black "Fijalkowski, Jürgen"]
[Result "1/2-1/2"]
[WhiteElo "1855"]
[BlackElo "1829"]
[PlyCount "45"]
[EventDate "2015.??.??"]
[WhiteTeam "SV Schott Jena"]
[BlackTeam "VfL 1990 Gera"]

1. d4 Nf6 2. Nf3 g6 3. Bf4 Bg7 4. h3 d5 5. e3 O-O 6. Nbd2 b6 7. c3 Bb7 8. Be2
Nfd7 9. O-O c5 10. Nh2 cxd4 11. exd4 Nc6 12. Bg5 Nf6 13. Nhf3 Qd6 14. Re1 Rfe8
15. Bb5 a6 16. Ba4 Nd7 17. Bh4 e6 18. Bg3 Qe7 19. Bb3 Na5 20. Bc2 Nc6 21. Bh4
Qd6 22. Bg3 Qe7 23. Bh4 1/2-1/2

[Event "Thüringenliga 2015/2016"]
[Site "?"]
[Date "2015.11.29"]
[Round "4"]
[White "Walther, Thomas"]
[Black "Seifert, Michael"]
[Result "1/2-1/2"]
[WhiteElo "1825"]
[BlackElo "1828"]
[PlyCount "29"]
[EventDate "2015.??.??"]
[WhiteTeam "VfL 1990 Gera"]
[BlackTeam "SV Schott Jena"]

1. e4 e6 2. d4 d5 3. exd5 exd5 4. Bd3 Bd6 5. Ne2 Nf6 6. Bf4 O-O 7. O-O b6 8.
Nd2 c5 9. c3 Bb7 10. Nf3 Bxf4 11. Nxf4 Qc7 12. Qd2 Ne4 13. Qe3 Nd7 14. Nh5 f5
15. g3 1/2-1/2

[Event "Thüringenliga 2015/2016"]
[Site "?"]
[Date "2015.11.29"]
[Round "4"]
[White "Jordan, Gunter"]
[Black "Drechsel, Uwe"]
[Result "1/2-1/2"]
[WhiteElo "1899"]
[BlackElo "1822"]
[PlyCount "86"]
[EventDate "2015.??.??"]
[WhiteTeam "SV Schott Jena"]
[BlackTeam "VfL 1990 Gera"]

1. d4 e6 2. e4 d5 3. exd5 exd5 4. Bd3 Bd6 5. Ne2 Ne7 6. Bf4 O-O 7. O-O Bf5 8.
Bxf5 Nxf5 9. Qd3 Qd7 10. Nd2 Nc6 11. c3 Nce7 12. Nf3 Ng6 13. Bd2 Rae8 14. Rfe1
Nfh4 15. Nxh4 Nxh4 16. Ng3 Rxe1+ 17. Rxe1 Re8 18. Rxe8+ Qxe8 19. b3 Ng6 20. Kf1
a6 21. Bg5 h6 22. Bc1 Qe6 23. Qf5 Bxg3 24. Qxe6 fxe6 25. hxg3 Nf8 26. Ke2 Kf7
27. Bf4 c6 28. Bd6 Nd7 29. Ke3 Kf6 30. f3 Kf5 31. Bc7 h5 32. Bd6 g5 33. Bc7 Nf8
34. Bd6 Nd7 35. Bc7 Kg6 36. Bd6 Kf6 37. Bc7 Kf5 38. Bd6 Nb6 39. Bc7 Nc8 40. Be5
Kg6 41. Bc7 Kf5 42. Be5 Nb6 43. Bc7 Nd7 1/2-1/2

[Event "Landesklasse Ost 2015/2016"]
[Site "?"]
[Date "2015.12.20"]
[Round "5"]
[White "Kühn, Martin"]
[Black "Sieber, Stephan"]
[Result "0-1"]
[WhiteElo "1903"]
[BlackElo "2112"]
[PlyCount "70"]
[EventDate "2015.??.??"]
[WhiteTeam "ESV Lok Sömmerda"]
[BlackTeam "SV Empor Erfurt"]

1. d4 f5 2. c4 Nf6 3. Nc3 g6 4. Nf3 Bg7 5. Bf4 d6 6. e3 Nh5 7. Bg5 h6 8. Bh4 c6
9. Be2 O-O 10. Nd2 Nf6 11. Bg3 Nbd7 12. O-O e5 13. h3 Qe7 14. Re1 Ne8 15. Nb3
e4 16. Qc2 Qf7 17. f3 exf3 18. Bxf3 Qxc4 19. d5 c5 20. Be2 Qb4 21. Nb5 Ne5 22.
a3 Qa4 23. Nc3 Qd7 24. Nd2 b6 25. Nc4 Nxc4 26. Bxc4 a6 27. a4 Rb8 28. Qe2 Nc7
29. Rf1 Re8 30. Qf3 b5 31. axb5 axb5 32. Bd3 Rxe3 33. Bxf5 gxf5 34. Qf4 Be5 35.
Qxh6 Rxg3 0-1

[Event "Landesklasse Ost 2015/2016"]
[Site "?"]
[Date "2015.12.20"]
[Round "5"]
[White "Koksch, Robert"]
[Black "Nicolai, Tim"]
[Result "1/2-1/2"]
[WhiteElo "1874"]
[BlackElo "1828"]
[PlyCount "77"]
[EventDate "2015.??.??"]
[WhiteTeam "ESV Lok Sömmerda"]
[BlackTeam "SV Empor Erfurt"]

1. d4 f5 2. c4 Nf6 3. Nc3 e6 4. g3 c6 5. Bg2 d5 6. cxd5 exd5 7. Nf3 Bd6 8. O-O
O-O 9. Ne5 Qe8 10. Nd3 a5 11. a3 Nbd7 12. Rb1 Qh5 13. f3 Re8 14. Bf4 Bf8 15.
Qc1 h6 16. Rf2 g5 17. Be5 Nxe5 18. Nxe5 Bd6 19. Nd3 Qg6 20. Qd2 Nh5 21. Re1
Nxg3 22. hxg3 Bxg3 23. e4 Bxf2+ 24. Qxf2 dxe4 25. fxe4 f4 26. Qf3 h5 27. Ne5
Qh6 28. Rf1 Rf8 29. Nd1 Kg7 30. d5 g4 31. Qc3 Kh7 32. Qc5 Qg7 33. dxc6 b6 34.
Qd6 Ba6 35. Rf2 Rad8 36. Nd7 Rf7 37. Rxf4 Rfxd7 38. cxd7 Rxd7 39. Qe6 1/2-1/2

[Event "Landesklasse Ost 2015/2016"]
[Site "?"]
[Date "2015.12.20"]
[Round "5"]
[White "Kirste, Olaf"]
[Black "Streichardt, Niklas"]
[Result "1/2-1/2"]
[WhiteElo "1934"]
[BlackElo "1682"]
[PlyCount "117"]
[EventDate "2015.??.??"]
[WhiteTeam "ESV Lok Sömmerda"]
[BlackTeam "SV Empor Erfurt"]

1. c4 c5 2. Nf3 Nf6 3. d4 cxd4 4. Nxd4 Nc6 5. Nc3 e6 6. e4 a6 7. Be3 Qc7 8. Rc1
Ne5 9. f3 Bb4 10. a3 Be7 11. Qd2 b6 12. Na4 Rb8 13. b4 O-O 14. Be2 Ng6 15. O-O
Bd6 16. f4 Nxe4 17. Qc2 f5 18. g3 Be7 19. Rfd1 d6 20. Bf3 b5 21. cxb5 Qxc2 22.
Rxc2 axb5 23. Bxe4 bxa4 24. Bc6 e5 25. Bd5+ Kh8 26. Nc6 Rb7 27. fxe5 dxe5 28.
Nxe7 Rxe7 29. Rdc1 Be6 30. Bg5 Bxd5 31. Bxe7 Nxe7 32. Rc7 Re8 33. Ra7 Bc6 34.
Rxe7 Rxe7 35. Rxc6 g5 36. Rc5 Kg7 37. Kf2 f4 38. gxf4 gxf4 39. Kf3 Kf6 40. Ke4
Kg5 41. Rc2 Kf6 42. b5 Ke6 43. Rc6+ Kd7 44. Ra6 Kc7 45. Rxa4 Kb6 46. Rb4 Rf7
47. Rb1 f3 48. a4 Rf4+ 49. Kxe5 Rxa4 50. Rf1 Ra3 51. Kf6 Kxb5 52. Kg7 Kc4 53.
Kxh7 Kd4 54. h4 Ke3 55. h5 Ke2 56. Rxf3 Rxf3 57. h6 Ke3 58. Kg7 Rg3+ 59. Kh8
1/2-1/2

[Event "Landesklasse Ost 2015/2016"]
[Site "?"]
[Date "2015.12.20"]
[Round "5"]
[White "Berlt, Norbert"]
[Black "Bethge, Johanna"]
[Result "1/2-1/2"]
[WhiteElo "1663"]
[BlackElo "1558"]
[PlyCount "51"]
[EventDate "2015.??.??"]
[WhiteTeam "ESV Lok Sömmerda"]
[BlackTeam "SV Empor Erfurt"]

1. d4 d5 2. Nf3 Bf5 3. Bf4 Nf6 4. e3 e6 5. Bd3 Bxd3 6. Qxd3 Nbd7 7. Nbd2 Be7 8.
Ne5 O-O 9. Ndf3 c5 10. c3 Ne4 11. Nxd7 Qxd7 12. Nd2 cxd4 13. exd4 Nf6 14. Nf3
b5 15. O-O b4 16. Ne5 Qb7 17. Rfe1 Nh5 18. Bd2 bxc3 19. bxc3 Bd6 20. Re3 Nf4
21. Qc2 f6 22. Nd3 Nxd3 23. Qxd3 e5 24. Qf5 Qf7 25. Rh3 g6 26. Qd3 1/2-1/2

[Event "Landesklasse Ost 2015/2016"]
[Site "?"]
[Date "2015.12.20"]
[Round "5"]
[White "Thiemann, Jürgen"]
[Black "Vogel, Alfred"]
[Result "1-0"]
[WhiteElo "1692"]
[BlackElo "1719"]
[PlyCount "109"]
[EventDate "2015.??.??"]
[WhiteTeam "SV Empor Erfurt"]
[BlackTeam "ESV Lok Sömmerda"]

1. d4 f5 2. c4 Nf6 3. Nc3 g6 4. Bf4 Bg7 5. Qd2 c6 6. Nf3 d5 7. c5 Nbd7 8. Bh6
Bxh6 9. Qxh6 Nf8 10. Ne5 Be6 11. f3 Qa5 12. Qd2 N8d7 13. Nd3 Qc7 14. Qf4 Qa5
15. Qd2 Bf7 16. a3 Qc7 17. e3 e5 18. Be2 O-O 19. O-O Rae8 20. f4 exd4 21. exd4
Ne4 22. Nxe4 dxe4 23. Ne5 Nxe5 24. dxe5 Rd8 25. Qc3 Qe7 26. Rad1 Rxd1 27. Rxd1
Rd8 28. Rd6 Bd5 29. Bc4 Rxd6 30. cxd6 Qe6 31. b3 b5 32. Bxb5 cxb5 33. Qc7 Bc6
34. Qxc6 Qxb3 35. d7 Qe3+ 36. Kf1 Qd3+ 37. Ke1 e3 38. Qe6+ Kg7 39. Qf6+ Kh6 40.
d8=Q Qc3+ 41. Ke2 Qc2+ 42. Kxe3 Qe4+ 43. Kd2 Qxf4+ 44. Ke1 Qe3+ 45. Kf1 Qf4+
46. Ke2 Qe4+ 47. Kd2 Qf4+ 48. Ke2 Qe4+ 49. Kf2 Qf4+ 50. Ke1 Qe3+ 51. Kd1 Qb3+
52. Kd2 Qb2+ 53. Ke3 Qxa3+ 54. Qd3 Qc1+ 55. Kf3 1-0

[Event "Landesklasse Ost 2015/2016"]
[Site "?"]
[Date "2015.12.20"]
[Round "5"]
[White "Sunderbrink, Heino"]
[Black "Sack, Matthias"]
[Result "1/2-1/2"]
[WhiteElo "1932"]
[BlackElo "1962"]
[PlyCount "42"]
[EventDate "2015.??.??"]
[WhiteTeam "SV Medizin Erfurt"]
[BlackTeam "SV Hermsdorf"]

1. Nf3 Nf6 2. c4 e6 3. g3 d5 4. b3 b6 5. Bg2 Bb7 6. O-O Be7 7. Bb2 O-O 8. e3
dxc4 9. bxc4 Na6 10. d4 c5 11. Qe2 Rc8 12. Rd1 Qc7 13. Na3 cxd4 14. exd4 Nb4
15. Rdc1 a6 16. Nb1 Be4 17. Nbd2 Bd3 18. Qd1 Bf5 19. Nh4 Bg4 20. Qb3 Rfd8 21.
Nhf3 Nc6 1/2-1/2